Laboratory Manual in General Botany (Record no. 18392)
[ view plain ]
| 000 -LEADER | |
|---|---|
| fixed length control field | 00623nam a22002417a 4500 |
| 003 - CONTROL NUMBER IDENTIFIER | |
| control field | OSt |
| 005 - DATE AND TIME OF LATEST TRANSACTION | |
| control field | 20140310183023.0 |
| 008 - FIXED-LENGTH DATA ELEMENTS--GENERAL INFORMATION | |
| fixed length control field | 130215t xxu||||| |||| 00| 0 eng d |
| 020 ## - INTERNATIONAL STANDARD BOOK NUMBER | |
| International Standard Book Number | 9789712348693 |
| 050 ## - LIBRARY OF CONGRESS CALL NUMBER | |
| Classification number | QK53 |
| Item number | .Al335 2007 |
| 082 ## - DEWEY DECIMAL CLASSIFICATION NUMBER | |
| Classification number | FIL 580.72 |
| Item number | Al11 2007 |
| 245 ## - TITLE STATEMENT | |
| Title | Laboratory Manual in General Botany |
| Statement of responsibility, etc | Albia, Jose A. |
| 260 ## - PUBLICATION, DISTRIBUTION, ETC. (IMPRINT) | |
| Place of publication, distribution, etc | Manila |
| Name of publisher, distributor, etc | Rex Book Store |
| Date of publication, distribution, etc | c2007 |
| 300 ## - PHYSICAL DESCRIPTION | |
| Extent | 97 p. |
| Other physical details | ill. |
| Dimensions | 26 cm. |
| 521 ## - TARGET AUDIENCE NOTE | |
| Target audience note | |
| 526 ## - STUDY PROGRAM INFORMATION NOTE | |
| Reading level | 1210L-1700L |
| 541 ## - IMMEDIATE SOURCE OF ACQUISITION NOTE | |
| -- | 1 |
| 541 ## - IMMEDIATE SOURCE OF ACQUISITION NOTE | |
| -- | 2 |
| 541 ## - IMMEDIATE SOURCE OF ACQUISITION NOTE | |
| -- | 3 |
| 541 ## - IMMEDIATE SOURCE OF ACQUISITION NOTE | |
| -- | 4 |
| 562 ## - COPY AND VERSION IDENTIFICATION NOTE | |
| Number of copies | 4 |
| 942 ## - ADDED ENTRY ELEMENTS (KOHA) | |
| Source of classification or shelving scheme | Library of Congress Classification |
| Koha item type | Books |
| Call number prefix | Filipininana |
| Withdrawn status | Lost status | Source of classification or shelving scheme | Damaged status | Home library | Current library | Shelving location | Date acquired | Source of acquisition | Total Checkouts | Full call number | Barcode | Date last seen | Copy number | Price effective from | Koha item type |
|---|---|---|---|---|---|---|---|---|---|---|---|---|---|---|---|
| Library of Congress Classification | Archives | Archives | 02/15/2013 | Donation | QK53 .Al335 2007 | C11732 | 05/08/2018 | 1 | 02/15/2013 | Books | |||||
| Library of Congress Classification | Archives | Archives | 04/19/2013 | Donation | QK53 .Al335 2007 | C11731 | 05/08/2018 | 2 | 04/19/2013 | Books | |||||
| Library of Congress Classification | Archives | Archives | 04/19/2013 | Donation | QK53 .Al335 2007 | C10215 | 05/08/2018 | 3 | 04/19/2013 | Books | |||||
| Library of Congress Classification | Archives | Archives | 04/19/2013 | Donation | QK53 .Al335 2007 | C10216 | 05/08/2018 | 4 | 04/19/2013 | Books | |||||
| Library of Congress Classification | Archives | Archives | 05/11/2013 | Donation | QK53 .Al335 2007 | C16629 | 05/08/2018 | 5 | 05/11/2013 | Books |